Szczegóły MARC21

Sztuka prezentacji czyli Jak przemawiać obrazem /

003 -Nazwa inst., której nr kontr. jest w polu 001 [,]
    • @
    • Nazwa instytucji, której n kontrolny jest w polu 001
    • NUKAT
005 -DATA I CZAS OSTATNIEJ MODYFIKACJI [,]
    • @
    • pole kontrolne
    • 20241231094505.0
020 -Międzynarod. znormalizowany nr książki - ISBN [ , ]
    • a
    • Numer ISBN
    • 8388840584 Find
040 -Instytucja sporządzająca opis [ , ]
    • a
    • Instytucja, która sporządziła opis (NP)
    • KR 93/11SWB
    • c
    • Instytucja, która sporządziła rekord (NP)
    • KR 93/11SWB
    • d
    • Instytucja, która zmodyfikowała rekord (P)
    • KR 93/MD
    • d
    • Instytucja, która zmodyfikowała rekord (P)
    • WA U/ASO
    • d
    • Instytucja, która zmodyfikowała rekord (P)
    • KR 93/MKs
    • d
    • Instytucja, która zmodyfikowała rekord (P)
    • WR U/dl
    • d
    • Instytucja, która zmodyfikowała rekord (P)
    • KR U/mal
    • d
    • Instytucja, która zmodyfikowała rekord (P)
    • KAT U/MP
942 -Rodzaj dokumentu [ , ]
    • c
    • Rodzaj dokumentu
    • Książka
100 -Hasło główne - nazwa osobowa [1, ]
    • a
    • Nazwa osobowa (NP)
    • Żurek, Elżbieta.
    • 9
    • KHW
    • 456362
245 -Strefa tytułu i oznaczenia odpowiedzialności [1,0]
    • a
    • Tytuł
    • Sztuka prezentacji czyli Jak przemawiać obrazem / Find
    • c
    • Pozostałe elementy strefy tytułu i oznaczenia odpowiedzialności (NP)
    • Elżbieta Żurek.
260 -Strefa adresu wydawniczego [ , ]
    • a
    • Miejsce wydania (P)
    • Warszawa :
    • b
    • Nazwa wydawcy (P)
    • Poltext,
    • c
    • Data wydania (P)
    • 2004.
300 -Strefa opisu fizycznego [ , ]
    • a
    • Określenie formy książki i/lub objętość (NP)
    • 136 s. :
    • b
    • Oznaczenie ilustracji (NP)
    • il. ;
    • c
    • Format (NP)
    • 21 cm +
    • e
    • Oznaczenie dokumentu towarzyszącego (NP)
    • dysk optyczny.
336 -Typ zawartości [ , ]
    • a
    • Termin opisujący typ zawartości
    • Tekst
    • b
    • Kod określający zawartość
    • txt
    • 2
    • Źródło (terminu i kodu)
    • rdacontent
337 -Typ mediów [ , ]
    • a
    • Tryb odtwarzania
    • Bez urządzenia pośredniczącego
    • b
    • Kod typu mediów
    • n
    • 2
    • Źródło (terminu i kodu)
    • rdamedia
338 -Typ/rodzaj nośnika [ , ]
    • a
    • Hasło opisujące typ nośnika
    • Wolumin
    • b
    • Kod typu nośnika
    • nc
    • 2
    • Źródło (terminu i kodu)
    • rdacarrier
490 -Strefa serii i książki wielotomowej - forma nie do wyszukiwania [1, ]
    • a
    • Tytuł (P)
    • Szkoła Treningu Personalnego Find
830 -Hasło dodatkowe serii i opisu książki wielotomowej - tytuł ujednolicony/tytuł [ ,0]
    • a
    • Tytuł ujednolicony/tytuł (NP)
    • Szkoła Treningu Personalnego
    • 9
    • KHW
    • 456363
500 -Uwaga ogólna [ , ]
    • a
    • Uwaga ogólna (NP)
    • Na dysku: szkolenie audio, treści edukacyjne nagrane na tle muzyki instrumentalnej.
080 -Uniwersalna Klasyfikacja Dziesiętna [ , ]
    • a
    • Symbol klasyfikacji
    • 316.47
    • 9
    • UKD
    • 2820
    • 2
    • Identyfikator wydania tablic
    • UDC-P058
    • b
    • Dopowiedzenie
    • Stosunki społeczne. Stosunki interpersonalne. Stosunki międzyludzkie. Stosunki między grupami a jednostkami.
080 -Uniwersalna Klasyfikacja Dziesiętna [ , ]
    • a
    • Symbol klasyfikacji
    • :808.5
080 -Uniwersalna Klasyfikacja Dziesiętna [ , ]
    • a
    • Symbol klasyfikacji
    • :316.77
650 -Hasło przedmiotowe [ ,7]
    • a
    • Hasło przedmiotowe
    • Hipermedia
    • v
    • Określnik formalny
    • poradniki.
    • 2
    • Źródło terminu
    • kaba
    • 9
    • KHW
    • 456302
650 -Hasło przedmiotowe [ ,7]
    • a
    • Hasło przedmiotowe
    • Prezentacja (biznes)
    • v
    • Określnik formalny
    • poradniki.
    • 2
    • Źródło terminu
    • kaba
    • 9
    • KHW
    • 365556
650 -Hasło przedmiotowe [ ,7]
    • a
    • Hasło przedmiotowe
    • Sztuka wystąpień publicznych
    • v
    • Określnik formalny
    • poradniki.
    • 2
    • Źródło terminu
    • kaba
    • 9
    • KHW
    • 359627
980 -Symbol UKD [ , ]
    • a
    • UKD
    • 316.47:808.5:316.77
710 -Hasło dodatkowe - nazwa ciała zbiorowego [2, ]
    • a
    • Nazwa ciała zbiorowego lub nazwa geograficzna jako pierwszy element (NP)
    • Wydawnictwo Poltext.
    • 4
    • Kod relacji
    • pbl
    • 9
    • KHW
    • 53400
920 -ISBN [ , ]
    • a
    • ISBN
    • 83-88840-58-4 Find
Data inwentaryzacji Lokalizacja Status udost. Numer inwentarzowy
2004-12-02T-2T.8248